• 首页
  • 本馆介绍
  • 公告通知
  • 最新文献
  • 馆藏检索
  • 电子资源
  • 读者导购
  • 参考咨询
  • 我的图书馆
  • 登录
  • 详细信息显示
  • 放入我的书架
  • 预约/预借图书
  • 作者相关作品
  • 分类相关作品
  • 丛书相关作品
  • 出版社相关作品

书目信息

  • 表格格式
  • 工作单格式
  • 卡片格式
题名:
外国语言文学论丛
    
 
作者: 李焰明 主编
分册: 第一卷  
出版信息: 北京   知识产权出版社  2014.08
页数: 257页
开本: 23cm
丛书名:
单 册:
中图分类: H0-53 , I106
科图分类:
主题词: 语言学--国外--文集 , 外国文学--文学研究--文集 , 语言学 , 外国文学 , 文学研究
电子资源:
ISBN: 978-7-5130-2889-9
000 01072nam0 2200313 450
001 007047135
005 20170911101104.28
010    @a978-7-5130-2889-9@dCNY58.00
100    @a20150122d2014 em y0chiy50 ea
101 0  @achi@afre
102    @aCN@b110000
105    @ay z 000yy
106    @ar
200 1  @a外国语言文学论丛@9wai guo yu yan wen xue lun cong@h第一卷@f李焰明主编
210    @a北京@c知识产权出版社@d2014.08
215    @a257页@d23cm
304    @a英文共同题名:Foreign language and literature studies
330    @a本书分为文学与文化、翻译与跨文化研究、语言学与法语研究、翻译名家访谈四个部分,主要包括:《论文化的“三大属性”》、《美弟奇家族对佛罗伦萨文化发展的推动作用》、《媒体法语翻译策略探究》等文章。
333    @a语言学领域相关研究者
606 0  @a语言学@x国外@j文集
606 0  @a外国文学@x文学研究@j文集
606 0  @a语言学
606 0  @a外国文学
606 0  @a文学研究
690    @aH0-53@v5
690    @aI106@v5
701  0 @a李焰明@9li yan ming@4主编
801  0 @aCN@b人天书店@c20150122
905    @b1069128-33@dH0-53@e257:1@f6
    
    外国语言文学论丛.第一卷/李焰明主编.-北京:知识产权出版社,2014.08
    257页;23cm
    使用对象:语言学领域相关研究者
    
    ISBN 978-7-5130-2889-9:CNY58.00
    本书分为文学与文化、翻译与跨文化研究、语言学与法语研究、翻译名家访谈四个部分,主要包括:《论文化的“三大属性”》、《美弟奇家族对佛罗伦萨文化发展的推动作用》、《媒体法语翻译策略探究》等文章。
●
相关链接 在E读中查询图书 在五车中查询图书 在当当中查询图书 在豆瓣中查询图书


正题名:外国语言文学论丛     索取号:H0-53/257:1         预约/预借

序号 登录号 条形码 馆藏地/架位号 状态 备注
1 1069128   210691287   第二样本阅览室/ [索取号:H0-53/257:1] 在馆    
2 1069129   210691296   第四借阅区/ [索取号:H0-53/257:1] 在馆    
3 1069130   210691303   第四借阅区/ [索取号:H0-53/257:1] 在馆    
4 1069131   210691312   第四借阅区/ [索取号:H0-53/257:1] 在馆    
5 1069132   210691321   第四借阅区/ [索取号:H0-53/257:1] 在馆    
6 1069133   210691330   密集书库-文学院/ [索取号:H0-53/257:1] 在馆    
唐山师范学院图书馆 欢迎您!
大连网信软件有限公司© 版权所有